000 00612nam a2200241Ia 4500
005 20260320201220.0
008 008 262003s9999 xx 000 0 eng d
037 _aEBOOK
040 _aCRL
040 _beng
040 _cCRL
041 _2eng
041 _aeng
084 _qCRL
100 _aMoore
245 0 _aCyber Intelligence-Driven Risk: How to Build and Use Cyber Intelligence for Business Risk Decisions
260 _bIEEE
260 _c2021
856 _uhttps://ieeexplore.ieee.org/servlet/opac?bknumber=9820874
942 _cEBOOK
999 _c1719734
_d1719734